Doubs - mort subite - Statistiques

Statistiques générales
  • Ce quiz a été pris 42 fois
  • Le résultat moyen est 14 sur 18
Answers on the Grid
Answers color-coded by a green-red scale on the quiz's grid according to % correct below.
Faaa
Adapazarı
Stade Vélodrome
Besançon
Tlemcen
Pontarlier
Khmelnytsky
Sinaloa
La commune de Doubs
Kostroma
Le prison de Toussaint Louverture
Tsu
Le lieu de naissance des frères Lumière
Des fromageries du comté
Un club de foot qui ont fini champion de France
Le Mont d'Or
Tumbes
Malayer
Le berceau de la marque Peugeot
Tete
Un site de production de chars allemands en 1940
Vacaville
Montbéliard
L'Araguaia
Le lieu de naissance de Big Nose George
Yobe
Zaire
Cabudare
Porrentruy
Valdahon
Une zone occupée par la Suisse en 1815
Caldas
Butte-Montmartre
Morbier
Sochaux
Le lieu de naissance de Victor Hugo
 
Statistiques - réponses
Réponse % Correct
Des fromageries du comté
97%
Montbéliard
97%
Besançon
94%
Sochaux Le berceau de la marque Peugeot
94%
Pontarlier
94%
Sochaux
94%
La commune de Doubs
89%
Besançon Le lieu de naissance de Victor Hugo
86%
L'usine Peugeot de Sochaux Un site de production de chars allemands en 1940
86%
Le Mont d'Or
83%
Village producteur de fromage Morbier
83%
FC Sochaux-Montbéliard Un club de foot qui ont fini champion de France
80%
Besançon Le lieu de naissance des frères Lumière
74%
Une zone occupée par la Suisse en 1815
74%
Valdahon
74%
Le château de Joux Le prison de Toussaint Louverture
60%
Bandit dont la dépouille a été utilisée pour fabriquer des objets, notamment des chaussures et un cendrier (Montbéliard) Le lieu de naissance de Big Nose George
40%
Japon Tsu
0%
Aucun quiz correspondant
Distribution des résultats
% des personnes avec chaque résultat
Percentile par nombre de réponses
Votre historique - résultats
Vous n’avez pas pris ce quiz